000 00471nam a2200181Ia 4500
005 20250326125759.0
008 250326s9999 xx 000 0 und d
037 _aTextbook
040 _aFMSL
_beng
_cFMSL
041 _aeng
_2eng
084 _aX:8F N4
_qFMSL
100 _aHOWARD
_9153647
245 0 _aManagerial probles in Fice
_cHoward; Jones
260 _aNY
_bNY, M G H
_c1964
300 _a770p
942 _cTB
_hX:8F N4
999 _c1279540
_d1279540